League of Legends (LoL) - Bottes - Statistiques

Statistiques générales
  • Ce quiz a été pris 727 fois
    80 depuis la dernière actualisation
  • Le résultat moyen est 6 sur 14
Statistiques - réponses
Prix Bottes % Correct
1250 Sandales de Mercure
90%
300 Bottes
85%
1200 Coques en acier
85%
1000 Bottes de célérité
79%
900 Bottes de lucidité
71%
1100 Jambières du berzerker
68%
1100 Chaussures du sorcier
58%
Rune Bottes légèrement magiques
50%
1200 Avances blindées
3%
1250 Broyeuses à chaînes
3%
900 Lucidité pourpre
3%
1000 Célérité martiale
1%
1100 Chaussures du lanceur de sorts
1%
1100 Jambières de métal
1%
Aucun quiz correspondant
Distribution des résultats
% des personnes avec chaque résultat
Percentile par nombre de réponses
Votre historique - résultats
Vous n’avez pas pris ce quiz depuis la dernière actualisation